[Event "Dunajska Streda GM 2018"]
[Site "Dunajska Streda SVK"]
[Date "2018.06.26"]
[Round "5.3"]
[White "Brhel,J"]
[Black "Munguntuul,B"]
[Result "1/2-1/2"]
[WhiteElo "2070"]
[BlackElo "2410"]

1.d4 Nf6 2.c4 c5 3.d5 e6 4.Nc3 exd5 5.cxd5 d6 6.Nf3 g6 7.Nd2 Bg7 8.e4 O-O
9.Nc4 b5 10.Nxb5 Nxe4 11.Bd3 a6 12.Nba3 Nf6 13.O-O Bb7 14.Bd2 Bxd5 15.Ba5 Qd7
16.Nb6 Qb7 17.Nxd5 Qxd5 18.Nc4 Nbd7 19.Ne3 Qc6 20.b4 Rab8 21.Rc1 Qb7 22.Be2 cxb4
23.Rc7 Qe4 24.Qxd6 Ne5 25.Re7 Rfe8 26.Rxe8+ Rxe8 27.Qxb4 Nc6 28.Qxe4 Nxe4
29.Be1 Nc5 30.Bd2 Ne4 31.Be1 Nc5 32.Bd2 Ne4  1/2-1/2

[Event "ChessAmateur Minsk 2018"]
[Site "Minsk BLR"]
[Date "2018.06.26"]
[Round "3.19"]
[White "Pankratov,O"]
[Black "Alagulian,K"]
[Result "0-1"]
[WhiteElo "2034"]
[BlackElo "2304"]

1.d4 Nf6 2.c4 c5 3.d5 e6 4.Nc3 exd5 5.cxd5 d6 6.Nf3 g6 7.e4 Bg7 8.Nd2 O-O
9.Be2 Re8 10.O-O Na6 11.Kh1 Nc7 12.a4 b6 13.f3 Ba6 14.Bxa6 Nxa6 15.Nc4 Nb4
16.Bf4 Bf8 17.Nb5 a6 18.Nbxd6 Nh5 19.Qd2 Nxf4 20.Qxf4 Re7 21.Rad1 Rd7 22.e5 b5
23.axb5 axb5 24.Nxb5 Rxd5 25.Nbd6 Ra7 26.Rxd5 Nxd5 27.Qe4 Nb6 28.h3 Nxc4
29.Nxc4 Rd7 30.Qe2 Rd4 31.b3 Qd5 32.Re1 Rd3 33.Qc2 Bh6 34.Rf1 Bf4 35.Re1 Qd4
36.Rb1 Kg7 37.Qe2 Rxb3 38.Rd1 Qc3 39.e6 fxe6 40.Qxe6 Qf6 41.Qc8 Qd4 42.Qd7+ Qxd7
43.Rxd7+ Kf6 44.Rd1 Rb4 45.Na3 c4 46.Rd4 Bg3 47.Rxc4 Rb3 48.Ra4 Rd3  0-1

[Event "ch-Commonwealth 2018"]
[Site "New Delhi IND"]
[Date "2018.06.26"]
[Round "1.21"]
[White "Shetye,Si"]
[Black "Rathnakaran,K"]
[Result "0-1"]
[WhiteElo "1867"]
[BlackElo "2385"]

1.d4 Nf6 2.c4 c5 3.d5 e6 4.Nf3 exd5 5.cxd5 d6 6.Nc3 a6 7.a4 g6 8.g3 Bg7 9.Bg2 O-O
10.O-O Nbd7 11.Bf4 Qe7 12.a5 Rb8 13.Re1 b5 14.axb6 Rxb6 15.Qc1 Ng4 16.Bg5 f6
17.Bd2 f5 18.e4 fxe4 19.Rxe4 Nde5 20.Nxe5 Bxe5 21.Bh3 Qf7 22.Nd1 Nf6 23.Bxc8 Rxc8
24.Rea4 Qxd5 25.Rxa6 Rxa6 26.Rxa6 Ne4 27.Be3 Qd3 28.Ra7 d5 29.Ra3 Qe2 30.Nc3 Bxc3
31.bxc3 Rf8 32.Qf1 Qc2 33.Qh3 Ng5 34.Qd7 Qb1+ 35.Kg2 Qe4+ 36.Kf1  0-1

[Event "6th Cesme Open 2018"]
[Site "Cesme TUR"]
[Date "2018.06.27"]
[Round "2.17"]
[White "Koksal,E"]
[Black "Ozcoban,Kadir"]
[Result "1-0"]
[WhiteElo "2356"]
[BlackElo "1853"]

1.d4 Nf6 2.c4 c5 3.d5 e6 4.Nc3 exd5 5.cxd5 d6 6.Nf3 g6 7.Bf4 Bg7 8.Qa4+ Bd7
9.Qb3 Qc7 10.e4 O-O 11.Nd2 Re8 12.Be2 b5 13.Bxb5 Nxe4 14.Ncxe4 f5 15.O-O fxe4
16.Nc4 Bf8 17.Rfe1 Bxb5 18.Qxb5 Nd7 19.Qc6 Qxc6 20.dxc6 Ne5 21.Bxe5 dxe5
22.Rad1 Re6 23.Na5 Bd6 24.Nb7 Be7 25.Rd7 Kf8 26.c7 Ke8 27.Red1 Rb6 28.Rd8+  1-0

[Event "6th Cesme Open 2018"]
[Site "Cesme TUR"]
[Date "2018.06.28"]
[Round "4.19"]
[White "Isik,E"]
[Black "Ozcoban,Kadir"]
[Result "1-0"]
[WhiteElo "2156"]
[BlackElo "1853"]

1.d4 Nf6 2.c4 c5 3.d5 e6 4.Nc3 exd5 5.cxd5 d6 6.Nf3 g6 7.Bf4 a6 8.Nd2 Nh5
9.Qa4+ Qd7 10.Qe4+ Be7 11.Nc4 f5 12.Qe3 Nxf4 13.Qxf4 Qc7 14.a4 Nd7 15.h4 Nb6
16.Nd2 Bf6 17.Qf3 Nd7 18.Qe3+ Kf7 19.Qe6+ Kg7 20.h5 h6 21.Nc4 Nb6 22.Qxd6 Qxd6
23.Nxd6 Rd8 24.Nxc8 Raxc8 25.O-O-O Bxc3 26.bxc3 Nxa4 27.Rh3 Nb6 28.Re3 Re8
29.Red3 Rcd8 30.hxg6 Re5 31.d6 Rd7 32.g3 Re6 33.Bh3 Kxg6 34.Rf3 Rf6 35.e4 Rdxd6
36.Bxf5+ Kg5 37.Rh1 Nc4 38.Rf4  1-0

[Event "ChessAmateur Minsk 2018"]
[Site "Minsk BLR"]
[Date "2018.06.28"]
[Round "5.8"]
[White "Denishev,M"]
[Black "Alagulian,K"]
[Result "1/2-1/2"]
[WhiteElo "2270"]
[BlackElo "2304"]

1.d4 Nf6 2.c4 e6 3.Nf3 c5 4.d5 exd5 5.cxd5 d6 6.Nc3 g6 7.Bf4 Bg7 8.Qa4+ Bd7
9.Qb3 Qc7 10.e4 O-O 11.Nd2 Nh5 12.Be3 f5 13.exf5 gxf5 14.Be2 f4 15.Bxc5 f3
16.Bxf3 Rxf3 17.Nxf3 Qxc5 18.O-O Na6 19.Qxb7 Qc8 20.Qxc8+ Rxc8 21.Ne4 Bxb2
22.Nxd6 Rc2 23.Rae1 Nf6 24.Ne5 Bxe5 25.Rxe5 Rxa2 26.Ne4 Nxe4 27.Rxe4 Rd2
28.Re7 Rxd5 29.Rb1 Nb4 30.h3 a5 31.Rb3 Bf5 32.g4 Kf8 33.Ra7 Bd7 34.f4 Nd3
35.Rb8+ Ke7 36.f5 h5 37.Rh8 hxg4 38.hxg4 Ne5 39.Rh7+ Kf6 40.Kg2 Rd2+ 41.Kg3 Rd3+
42.Kh4 Nf3+ 43.Kh5 Be8+ 44.Kh6 Ne5 45.Ra6+ Nc6 46.g5+ Kxf5 47.Rc7 Rd6+ 48.Kg7 Kxg5
49.Kf8 Kf6 50.Rc8 Bd7 51.Rca8 Ke5 52.Rb6 Rd4 53.Rb7 Kd6 54.Rb6 Kc7 55.Rxc6+ Bxc6
56.Rxa5 Rd7 57.Ra7+ Bb7 58.Ra3 Kd6 59.Re3 Bd5 60.Re7  1/2-1/2

[Event "XVIII Profigaia Open 2018"]
[Site "Vila Nova de Gaia POR"]
[Date "2018.06.29"]
[Round "3.27"]
[White "Paiva,Rodrigo Garcia"]
[Black "Vieira,Pedro"]
[Result "0-1"]
[WhiteElo "1110"]
[BlackElo "1406"]

1.d4 Nf6 2.c4 e6 3.Nf3 c5 4.d5 exd5 5.cxd5 d6 6.Nc3 Be7 7.e4 O-O 8.Bd3 Bg4
9.O-O Nbd7 10.Bf4 a6 11.Qe2 Re8 12.h3 Bh5 13.Qe3 b5 14.Ne2 Bf8 15.Ng3 Nxd5
16.Qd2 Nxf4 17.Qxf4 Bxf3 18.Qxf3 Qf6 19.Qxf6 Nxf6 20.Rfe1 Rad8 21.a4 c4 22.Bc2 b4
23.Rac1 Rc8 24.Nf5 c3 25.b3 Rcd8 26.f3 d5 27.exd5 Rxd5 28.Rxe8 Nxe8 29.Re1 Nf6
30.Ne3 Bc5 31.Kf2 Rd2+ 32.Re2 Nd5 33.Rxd2 Bxe3+  0-1

[Event "26th Montcada Open 2018"]
[Site "Montcada i Reixac ESP"]
[Date "2018.06.30"]
[Round "6.13"]
[White "Karavade,E"]
[Black "Vignesh,B"]
[Result "1/2-1/2"]
[WhiteElo "2399"]
[BlackElo "2231"]

1.d4 Nf6 2.c4 e6 3.Nf3 c5 4.d5 d6 5.Nc3 exd5 6.cxd5 g6 7.Bf4 Bg7 8.e3 O-O
9.h3 a6 10.a4 Qa5 11.Nd2 Ne8 12.Ra3 Nd7 13.Nc4 Qc7 14.Ne4 Ne5 15.Nexd6 Nxd6
16.Bxe5 Bxe5 17.Nxe5 Rd8 18.Nc4 Be6 19.a5 Nxc4 20.Bxc4 Qe5 21.Rd3 Bf5 22.Rc3 Be4
23.O-O Rd7 24.Qg4 Rad8 25.Rd1 Bxd5 26.Rcd3  1/2-1/2

[Event "Karel Opocensky Mem 2018"]
[Site "Prague CZE"]
[Date "2018.07.02"]
[Round "3.2"]
[White "Kozusek,Daniel"]
[Black "Burdalev,K"]
[Result "1-0"]
[WhiteElo "2297"]
[BlackElo "2377"]

1.d4 Nf6 2.c4 c5 3.d5 e6 4.Nc3 exd5 5.cxd5 d6 6.Nf3 g6 7.Bf4 a6 8.Nd2 Nh5
9.Qa4+ b5 10.Nxb5 axb5 11.Qxa8 Nd7 12.Bg5 Qxg5 13.Qxc8+ Ke7 14.Qc6 Bg7 15.Rb1 Rb8
16.Qxd6+ Kd8 17.h4 Qg4 18.Qa6 Be5 19.Qa3 Nhf6 20.Qf3 Qa4 21.g4 c4 22.Bg2 Qc2
23.e4 c3 24.bxc3 Bxc3 25.O-O Be5 26.Qd1 Qc7 27.g5 Bh2+ 28.Kh1 Nh5 29.Rc1 Qf4
30.Nf3 Bg3 31.fxg3 Nxg3+ 32.Kg1 Qe3+ 33.Rf2 Nxe4 34.Qe1 Qxf2+ 35.Qxf2 Nxf2
36.Kxf2 Ra8 37.Rc2 f6 38.Nd4 fxg5 39.d6 Ra4 40.Ne6+ Ke8 41.Nxg5 Nf6 42.Bh3 Ng4+
43.Bxg4 Rxg4 44.Rc7 Rd4 45.Re7+ Kd8 46.Ne6+  1-0

[Event "41st Barbera Open 2018"]
[Site "Barbera del Valles ESP"]
[Date "2018.07.07"]
[Round "4.36"]
[White "Horton,Ju"]
[Black "Llorens Gou,Juan"]
[Result "1-0"]
[WhiteElo "2066"]
[BlackElo "1717"]

1.d4 Nf6 2.Nf3 c5 3.d5 e6 4.c4 exd5 5.cxd5 d6 6.Nc3 g6 7.e4 Bg7 8.Be2 O-O
9.O-O Re8 10.Nd2 Na6 11.Re1 Nc7 12.a4 Nd7 13.Nc4 Nb6 14.Nxb6 axb6 15.Qb3 Na6
16.Bb5 Bd7 17.Bf4 Be5 18.Bxe5 Rxe5 19.f4 Rh5 20.Bxd7 Qxd7 21.Qxb6 Nb4 22.Re2 Nd3
23.g3 Qg4 24.Qxb7 Rd8 25.Rf1 c4 26.Qb6 Qc8 27.Qd4 Qd7 28.b3 Nc5 29.bxc4 Nxa4
30.Nb5 Nc5 31.e5 Qg4 32.Ref2 g5 33.Nxd6 Nd7 34.Nxf7 Ra8 35.e6 gxf4 36.Qh8+  1-0

[Event "41st Barbera Open 2018"]
[Site "Barbera del Valles ESP"]
[Date "2018.07.08"]
[Round "5.35"]
[White "Ghelani,Dhairya"]
[Black "Jareno Badenas,A"]
[Result "1-0"]
[WhiteElo "1778"]
[BlackElo "2102"]

1.d4 Nf6 2.c4 c5 3.d5 e6 4.Nc3 exd5 5.cxd5 d6 6.Nf3 g6 7.Nd2 Nbd7 8.e4 Bg7
9.Be2 O-O 10.O-O Ne5 11.f4 Neg4 12.Nc4 Re8 13.h3 Nh6 14.e5 dxe5 15.fxe5 Nd7
16.e6 fxe6 17.dxe6 Nb6 18.Qxd8 Rxd8 19.e7 Re8 20.Bg5 Nf5 21.Nxb6 Bd4+ 22.Kh2 Be5+
23.Bf4 Bxf4+ 24.Rxf4 axb6 25.Nd5 Be6 26.Nc7 Bf7 27.Nxa8 Rxa8 28.Raf1 Bd5
29.a3 Nxe7 30.Bc4 Bxc4 31.Rxc4 Nf5 32.Re4 Rd8 33.Rf2 Rd3 34.Re8+ Kg7 35.Rb8 Rd7
36.Re8 Kf7 37.Re4 Kg7 38.Re6 b5 39.Re5 b6 40.Re6 Rd6 41.Rxd6 Nxd6 42.b3 c4
43.Rd2 Nf7 44.bxc4 bxc4 45.Rb2 Kf6 46.Rxb6+ Ke5 47.a4 Kd5 48.a5 c3 49.a6 c2
50.a7 c1=Q 51.a8=Q+ Kd4 52.Qa4+ Ke5 53.Qe8+  1-0

[Event "TCh-TUR Club 2018"]
[Site "Konya TUR"]
[Date "2018.07.11"]
[Round "3.4"]
[White "Subasi,Cagrican"]
[Black "Tinarlioglu,Emre"]
[Result "1-0"]
[WhiteElo "1819"]
[BlackElo "1926"]

1.d4 Nf6 2.c4 c5 3.d5 e6 4.Nc3 exd5 5.cxd5 d6 6.Nf3 g6 7.e4 Bg7 8.Be2 O-O
9.O-O Bg4 10.h3 Bxf3 11.Bxf3 a6 12.a4 Nbd7 13.Bg5 h6 14.Bd2 Qe7 15.Qc2 Rfe8
16.Rfe1 Ne5 17.Be2 g5 18.a5 Ng6 19.Ra4 Nd7 20.Bf1 Nde5 21.Nd1 Nh4 22.Ra3 f5
23.exf5 Qf7 24.Ne3 Rf8 25.Rb3 Rae8 26.Rb6 Qd7 27.Be2 Nxf5 28.Nxf5 Qxf5 29.Qxf5 Rxf5
30.Rxb7 Ref8 31.Be3 Nf7 32.Bxa6 Ra8 33.Bd3 Rxd5 34.Bc4 Rf5 35.a6 d5 36.a7 Rxa7
37.Rb8+ Bf8 38.Bxc5 Rc7 39.Bd3 Rxc5 40.Bxf5 Kg7 41.Rb7 Kf6 42.g4 Rc6 43.Kg2 Ne5
44.Rd1 Rd6 45.Rb8 Bg7 46.b4 Nd7 47.Rd8 Ke7 48.Rxd7+ Rxd7 49.Bxd7 Kxd7 50.Rxd5+  1-0

[Event "TCh-TUR Club 2018"]
[Site "Konya TUR"]
[Date "2018.07.12"]
[Round "4.8"]
[White "Subasi,Cagrican"]
[Black "Ince,Ali Emre"]
[Result "1-0"]
[WhiteElo "1819"]
[BlackElo "1501"]

1.d4 Nf6 2.c4 c5 3.d5 e6 4.Nc3 exd5 5.cxd5 d6 6.Nf3 g6 7.Nd2 a6 8.a4 Nbd7
9.e4 Bg7 10.Be2 O-O 11.O-O Re8 12.Qc2 Rb8 13.a5 Re7 14.f4 Ne8 15.Bd3 Nc7
16.Nc4 Nf8 17.e5 Ne8 18.Bd2 f6 19.exd6 Nxd6 20.Nxd6 Qxd6 21.Ne4 Rxe4 22.Bxe4 f5
23.Bd3 Bd7 24.Bc4 Bb5 25.Rab1 Rd8 26.b3 Bd4+ 27.Kh1 Qf6 28.Rbc1 Nd7 29.Bc3 Bxc4
30.bxc4 Bxc3 31.Qxc3 Qxc3 32.Rxc3 Nf6 33.Rb3 Ne4 34.Rxb7 Nd6 35.Rc7 Nxc4
36.Rxc5 Ne3 37.Re1 Rxd5 38.Rxd5 Nxd5 39.Re6 Kf7 40.Rxa6 Nxf4 41.Ra7+ Ke6
42.Rxh7 Nd5 43.a6 Kd6 44.a7 Nb6 45.Rh8 Kc7 46.a8=Q Nxa8 47.Rxa8 Kd7 48.Rg8 Ke6
49.Rxg6+ Ke5 50.Ra6 Kf4 51.Kg1 Kg4 52.Kf2 Kg5 53.Kg3  1-0

[Event "TCh-TUR Club 2018"]
[Site "Konya TUR"]
[Date "2018.07.12"]
[Round "4.13"]
[White "Atayman,Evren"]
[Black "Akin,Tolga"]
[Result "0-1"]
[WhiteElo "1658"]
[BlackElo "1427"]

1.d4 c5 2.d5 d6 3.Nf3 e6 4.c4 exd5 5.cxd5 Nf6 6.Nc3 g6 7.Bg5 Bg7 8.e4 O-O
9.Bd3 Na6 10.Nd2 Rb8 11.O-O Nb4 12.Be2 Qe7 13.Nc4 b5 14.Nd2 Bd7 15.f4 Rfe8
16.a3 Na6 17.Bf3 b4 18.axb4 cxb4 19.Ne2 Bb5 20.Nd4 Qb7 21.Nxb5 Qxb5 22.Qa4 Qxa4
23.Rxa4 Nc5 24.Rxa7 Nfxe4 25.Nxe4 Nxe4 26.Re7 Bd4+ 27.Kh1 Nf2+ 28.Kg1 Nd3+
29.Kh1 Bxb2 30.Be4 Nc5 31.Bb1 f6 32.Rxe8+ Rxe8 33.Bh4 Bc3 34.Rc1 Nb3 35.Rd1 Nd2  0-1

[Event "TCh-TUR Club 2018"]
[Site "Konya TUR"]
[Date "2018.07.12"]
[Round "5.3"]
[White "Koc,I"]
[Black "Demirbag,Alihan"]
[Result "1-0"]
[WhiteElo "1961"]
[BlackElo "2079"]

1.d4 Nf6 2.c4 c5 3.d5 e6 4.Nc3 exd5 5.cxd5 d6 6.Nf3 g6 7.Nd2 Bg7 8.e4 O-O
9.Be2 a6 10.a4 Nbd7 11.Nc4 Ne8 12.O-O Ne5 13.Ne3 Rb8 14.f4 Nd7 15.Kh1 Qc7
16.Bd2 Nef6 17.Be1 Re8 18.Qc2 c4 19.Nxc4 b5 20.axb5 axb5 21.Nxd6 Qxd6 22.e5 Qc7
23.d6 Qc6 24.exf6 Nxf6 25.Qd1 Bf5 26.Bf3 Qc4 27.Bh4 Qxf4 28.Bg3 Qg5 29.d7 Nxd7
30.Bxb8 Rxb8 31.Ne4 Qf4 32.g3 Qh6 33.Nd6 Be6 34.Nxf7 Kxf7 35.Bg4+ Ke7 36.Bxe6 Kxe6
37.Qb3+ Kd6 38.Rad1+ Kc7 39.Rf7 Bd4 40.Qd5 Qh3 41.Qxd4 Rd8 42.Qc5+ Kb7 43.Qxb5+ Kc7
44.Qa5+ Kc8 45.Rc1+ Kb7 46.Rc7+  1-0

[Event "TCh-TUR Club 2018"]
[Site "Konya TUR"]
[Date "2018.07.13"]
[Round "6.12"]
[White "Akbas,Ozgun Alp"]
[Black "Koc,Bugra Ege"]
[Result "1-0"]
[WhiteElo "1451"]
[BlackElo "1376"]

1.d4 c5 2.d5 e6 3.c4 exd5 4.cxd5 d6 5.Nc3 Nf6 6.Nf3 a6 7.a4 g6 8.h3 Bg7 9.Bf4 O-O
10.e3 Qe7 11.Be2 Nbd7 12.O-O b6 13.Qb3 Rb8 14.Nd2 Rd8 15.Nc4 Ne8 16.Bf3 Be5
17.Rfe1 Kg7 18.Ne4 h6 19.Rad1 f5 20.Ng3 Kh7 21.Qc2 Ndf6 22.h4 Ng7 23.Bxe5 dxe5
24.d6 Qe6 25.Qc3 e4 26.Be2 Nd5 27.Qe5 Qxe5 28.Nxe5 Bb7 29.d7 a5 30.Bb5 Ne6
31.Nf7 Rf8 32.Nd6 Ba8 33.h5 Ne7 34.Bc4 Nd8 35.hxg6+ Kxg6 36.Ne2 Bc6 37.Nf4+ Kg7
38.Ne8+ Kh7 39.Ne6 Nxe6 40.Bxe6 Rd8 41.b3 Kg6 42.Rd6 Kh7 43.Red1 b5 44.axb5 Bxb5
45.Rc1 Bd3 46.Rxc5 a4 47.bxa4 Kh8 48.a5 Be2 49.a6 Bxa6 50.Rxa6 Kh7 51.Ra1 Kh8
52.Rac1 Kh7 53.Rc8 Nxc8 54.dxc8=Q Rxc8 55.Rxc8 Kg6 56.Rc7 h5 57.Rg7+ Kh6
58.Rg8  1-0

[Event "Polugaevsky Memorial 2018"]
[Site "Samara RUS"]
[Date "2018.07.13"]
[Round "4.9"]
[White "Karpenko,Artem"]
[Black "Kulaev,Maxim"]
[Result "0-1"]
[WhiteElo "2383"]
[BlackElo "2075"]

1.d4 Nf6 2.c4 c5 3.d5 e6 4.Nc3 exd5 5.cxd5 d6 6.Nf3 g6 7.Nd2 Bg7 8.Nc4 O-O
9.Bg5 h6 10.Bf4 Ne8 11.h4 b6 12.a4 f5 13.Qd2 Kh7 14.Nb5 Rf6 15.Bg5 a6 16.Bxf6 Bxf6
17.Nc3 Ra7 18.h5 g5 19.e3 Nd7 20.Qc2 Ne5 21.Nxe5 Bxe5 22.Bd3 Ng7 23.g4 Qf8
24.gxf5 Nxf5 25.O-O-O Kh8 26.Ne2 Bg7 27.Rdf1 b5 28.Ng3 Ne7 29.f4 g4 30.e4 bxa4
31.Bc4 Rb7 32.e5 Nf5 33.Nxf5 Bxf5 34.Qc3 Be4 35.Rh2 Qf5 36.Qg3 Rb4 37.Be2 Bf3
38.Bxf3 Qd3 39.Rff2 gxf3 40.Qg6 Rc4+ 41.Rc2 Rxc2+ 42.Rxc2 Qf1+ 43.Kd2 Qe2+
44.Kc3 Qe3+ 45.Qd3 Qxf4 46.Rd2 Qxe5+ 47.Kc2 Qxb2+ 48.Kd1 Qa1+ 49.Kc2 f2 50.Rxf2 Qb2+
51.Kd1 Qxf2  0-1

[Event "Najdorf Mem Open A 2018"]
[Site "Warsaw POL"]
[Date "2018.07.14"]
[Round "7.33"]
[White "Miroshnichenko,P"]
[Black "Sanz Wawer,Daniel"]
[Result "0-1"]
[WhiteElo "2304"]
[BlackElo "2233"]

1.d4 Nf6 2.Nf3 e6 3.c4 c5 4.d5 exd5 5.cxd5 d6 6.Nc3 g6 7.h3 Bg7 8.Bf4 O-O
9.e3 Na6 10.Nd2 Nc7 11.Nc4 b5 12.Nxd6 b4 13.Na4 Ncxd5 14.Bh2 Qe7 15.Qb3 Rd8
16.Nxc8 Raxc8 17.Ba6 Rc6 18.Bc4 Nb6 19.Nxb6 Rxb6 20.Rd1 Rxd1+ 21.Qxd1 Qe4
22.Be2 Qxg2 23.Bf3 Qg5 24.Bf4 Qf5 25.Bg2 h5 26.O-O Ne4 27.b3 Re6 28.Qd8+ Kh7
29.Qd7 a5 30.Bxe4 Qxe4 31.Qxf7 Re7 32.Qc4 Qxc4 33.bxc4 Re4 34.Rc1 a4 35.f3 Re6
36.Rb1 b3 37.a3 Rb6 38.Kf1 b2 39.Ke2 Rb3 40.e4 Bd4 41.e5 Rxa3 42.e6 Kg8 43.Kd2 Ra1
44.Kc2 a3  0-1

[Event "5th ch-Francophonie Rapid"]
[Site "Cannes FRA"]
[Date "2018.07.15"]
[Round "11.1"]
[White "Chabanon,JL"]
[Black "Lagarde,Max"]
[Result "1-0"]
[WhiteElo "2451"]
[BlackElo "2615"]

1.d4 Nf6 2.c4 c5 3.d5 e6 4.Nc3 exd5 5.cxd5 d6 6.Nf3 g6 7.Bf4 Bg7 8.Qa4+ Bd7
9.Qb3 b5 10.Bxd6 Qb6 11.Be5 O-O 12.e3 c4 13.Qd1 b4 14.Ne2 Rc8 15.Rc1 Bb5
16.Bxf6 Bxf6 17.Ned4 Ba6 18.Be2 Nd7 19.O-O Rc5 20.Nd2 Rac8 21.Qa4 Ne5 22.Ne4 Rxd5
23.Nxf6+ Qxf6 24.Qxb4 Rdd8 25.Qa3 Nd3 26.Rc3 Qb6 27.b3 Ne5 28.bxc4 Nxc4 29.Qb3 Nd2
30.Qxb6 axb6 31.Rxc8 Bxc8 32.Rc1 Bd7 33.f3 Ra8 34.Rc2 Nb1 35.Kf2 Ra3 36.Rc7 Ba4
37.Bc4 Kf8 38.Bxf7 Kg7 39.Bb3+ Kf6 40.Nc2  1-0

[Event "TCh-TUR Club 2018"]
[Site "Konya TUR"]
[Date "2018.07.15"]
[Round "9.7"]
[White "Saridag,Omer Melih"]
[Black "Tinarlioglu,Emre"]
[Result "0-1"]
[WhiteElo "1733"]
[BlackElo "1926"]

1.d4 Nf6 2.c4 c5 3.d5 e6 4.Nc3 exd5 5.cxd5 d6 6.Nf3 g6 7.e3 Bg7 8.Nd2 Nbd7
9.Be2 O-O 10.Nc4 Nb6 11.O-O Re8 12.f3 Nxc4 13.Bxc4 a6 14.a4 Rb8 15.e4 Nd7
16.Be2 Qe7 17.Bf4 Bd4+ 18.Kh1 f5 19.Bd3 g5 20.Bc1 f4 21.g3 fxg3 22.hxg3 Qg7
23.Kg2 Rf8 24.Bd2 Ne5 25.Be2 Bd7 26.Rh1 Rf6 27.Qc2 Rbf8 28.Raf1 Nxf3 29.Bxf3 g4
30.Be2 Rf2+ 31.Rxf2 Rxf2+ 32.Kg1 Qf7 33.Bf4 Rxe2+  0-1

[Event "Najdorf Mem Open A 2018"]
[Site "Warsaw POL"]
[Date "2018.07.15"]
[Round "8.32"]
[White "Kowalski,Igor"]
[Black "Bharath,Subramaniyam H"]
[Result "0-1"]
[WhiteElo "2324"]
[BlackElo "2231"]

1.d4 Nf6 2.c4 e6 3.Nc3 c5 4.d5 exd5 5.cxd5 d6 6.Nf3 g6 7.Bf4 Bg7 8.h3 O-O
9.e3 a6 10.a4 Qe7 11.Be2 Nbd7 12.O-O Ne8 13.Nd2 Ne5 14.a5 Nc7 15.Nde4 Rd8
16.Na4 Nb5 17.Rc1 Bf5 18.Nec3 Nxc3 19.Rxc3 Rab8 20.Nb6 h5 21.Bh2 h4 22.e4 Bc8
23.Qc1 Nd7 24.Nc4 Ne5 25.Nxe5 Bxe5 26.Bxe5 Qxe5 27.Qh6 Qe7 28.Re3 b6 29.f4 Bf5
30.Rff3 Bd7 31.f5 bxa5 32.f6 Qf8 33.Qxh4 Rxb2 34.e5 dxe5 35.Rxe5 Qd6 36.Rfe3 Rb1+
37.Kf2 Rb6 38.Qg3 Qxf6+ 39.Rf3 Qg7 40.Re4 Bf5 41.Qc7 Rbd6 42.Ref4 Rxd5 43.Bc4 Qe5
44.Qxe5 Rxe5 45.g4 Be6 46.Bxe6 Rxe6 47.Rxf7 Rc6 48.Ra7 Rf8 49.Rxf8+ Kxf8
50.Ke3 c4 51.Kd2 a4 52.Kc3 a3 53.Rd7 a2 54.Rd1 Rb6 55.Ra1 Rb3+ 56.Kxc4 Rb2
57.Kd5 g5 58.Ke6 Rf2 59.Rc1 Kg7 60.Ke5 Rb2 61.Ra1 Kg6 62.Kd6 Rf2 63.Ke6 Re2+
64.Kd6 Kf7 65.Rf1+ Ke8 66.Ra1 Kd8 67.Rf1 Rd2+ 68.Ke6 Kc7 69.Ra1 Rf2 70.h4 gxh4
71.g5 Rg2 72.Kf7 Rxg5 73.Rxa2 Kb6 74.Kf6 Rh5 75.Kg6 Rd5 76.Rh2 Rd4  0-1

[Event "TCh-TUR 1st League 2018"]
[Site "Konya TUR"]
[Date "2018.07.16"]
[Round "1.3.6"]
[White "Dedebas,Emre Emin"]
[Black "Aydincelebi,Kagan"]
[Result "1-0"]
[WhiteElo "2350"]
[BlackElo "2145"]

1.d4 Nf6 2.c4 c5 3.d5 e6 4.Nc3 exd5 5.cxd5 d6 6.Nf3 g6 7.Nd2 Nbd7 8.e4 Bg7
9.Be2 O-O 10.O-O Re8 11.a4 Ne5 12.Re1 Nfg4 13.h3 Nxf2 14.Kxf2 Qh4+ 15.Kg1 Bxh3
16.Nf1 Ng4 17.g3 Qh5 18.Bxg4 Bxg4 19.Qc2 Bf3 20.Qh2 Qg4 21.Qh4 Qxh4 22.gxh4 Bxc3
23.bxc3 Rxe4 24.Rxe4 Bxe4 25.Bf4 Bxd5 26.Bxd6 b6 27.Ne3 Be6 28.a5 Rd8 29.Be7 Rb8
30.Bf6 h6 31.c4 Kf8 32.axb6 axb6 33.Rd1 Re8 34.Rd6 Bc8 35.Nd5 Ba6 36.Nxb6 Kg8
37.Bc3 Kf8 38.Bf6 Kg8 39.Rd7 Rb8 40.Ra7 Bc8 41.Nxc8 Rxc8 42.Rd7 Kf8 43.Kf2 Ke8
44.Rd5 Kf8 45.Kf3 Kg8 46.Kf4 Kh7 47.Rd8  1-0

[Event "TCh-TUR 1st League 2018"]
[Site "Konya TUR"]
[Date "2018.07.17"]
[Round "2.5.3"]
[White "Arat,Uf"]
[Black "Ataman,A"]
[Result "1/2-1/2"]
[WhiteElo "2372"]
[BlackElo "2181"]

1.d4 Nf6 2.c4 e6 3.Nf3 c5 4.d5 exd5 5.cxd5 d6 6.Nc3 g6 7.Nd2 a6 8.a4 Nbd7
9.e4 Bg7 10.Be2 O-O 11.O-O Re8 12.Re1 Rb8 13.h3 Qc7 14.Qc2 Nb6 15.a5 Na8
16.Nc4 b5 17.axb6 Nxb6 18.Bf4 Nxc4 19.Bxc4 Nd7 20.Bxa6 Ne5 21.Be2 f5 22.b3 Qb6
23.Rab1 Rf8 24.Qc1 Bd7 25.Be3 Qb4 26.Bd2 Qd4 27.Be3 Qb4 28.f4 Nf3+ 29.Bxf3 Bxc3
30.Rf1 fxe4 31.Bg4 Bb5 32.Rd1 Bd3 33.Ra1 Ra8 34.Rxa8 Rxa8 35.Be6+ Kh8 36.Bd2 Bxd2
37.Qxd2 Qxd2 38.Rxd2 Rb8 39.Kf2 Rxb3 40.Ra2 e3+ 41.Kf3 e2 42.Ra1 c4 43.Ke3 Rb2
44.g4 Ra2 45.Re1 Kg7 46.g5 Kf8 47.Bg4 Ra3 48.Kd4 Ra8 49.h4 Re8 50.Be6 Rb8
51.Ke3 Rb3 52.Kd2 Rb2+ 53.Ke3 Rb3 54.Kd2 Rb2+  1/2-1/2

[Event "28th Heart of Finland Op"]
[Site "Jyvaskyla FIN"]
[Date "2018.07.18"]
[Round "4.2"]
[White "Townsend,M"]
[Black "Luukkonen,T"]
[Result "1-0"]
[WhiteElo "2219"]
[BlackElo "2325"]

1.d4 Nf6 2.c4 c5 3.d5 e6 4.Nc3 exd5 5.cxd5 d6 6.Nf3 g6 7.Nd2 Nbd7 8.e4 Bg7
9.Be2 O-O 10.O-O Re8 11.a4 Ne5 12.Qc2 g5 13.f3 Ng6 14.Nc4 Nf4 15.Re1 b6 16.Ne3 a6
17.Bf1 h5 18.Bd2 h4 19.Ncd1 Rb8 20.Bc3 b5 21.axb5 axb5 22.b3 g4 23.fxg4 Nxe4
24.Bxg7 Kxg7 25.Nf2 Nxf2 26.Qxf2 Qg5 27.Ra7 Qf6 28.g5 Qd4 29.g3 hxg3 30.hxg3 Re4
31.Bg2 c4 32.Re7  1-0

[Event "Portuguese Top League"]
[Site "Maia POR"]
[Date "2018.07.18"]
[Round "4.3"]
[White "Cavaleiro,D"]
[Black "Nagy,Ga1"]
[Result "0-1"]
[WhiteElo "1987"]
[BlackElo "2474"]

1.d4 Nf6 2.c4 e6 3.Nf3 c5 4.d5 exd5 5.cxd5 d6 6.Nc3 g6 7.Nd2 Bg7 8.e4 O-O
9.Be2 Re8 10.O-O Na6 11.Re1 Rb8 12.a4 Nb4 13.f3 a6 14.a5 Nh5 15.Nb3 Qh4 16.Be3 Be5
17.f4 Nxf4 18.g3 Nxe2+ 19.Qxe2 Qg4 20.Rac1 Qxe2 21.Rxe2 Nd3 22.Rf1 Bh3 23.Rb1 b5
24.Nd1 Bg4 25.Rd2 c4 26.Nd4 Bxd4 27.Bxd4 Rxe4 28.Bf2 Bxd1 29.Rbxd1 Rbe8 30.b3 Nxf2
31.Kxf2 c3 32.Rc2 b4 33.h3 f5 34.Rd3 Kg7 35.Kf3 Kf6  0-1

[Event "TCh-TUR 1st League 2018"]
[Site "Konya TUR"]
[Date "2018.07.19"]
[Round "5.7"]
[White "Sanikidze,T"]
[Black "Idani,P"]
[Result "1/2-1/2"]
[WhiteElo "2512"]
[BlackElo "2583"]

1.d4 Nf6 2.c4 c5 3.d5 e6 4.Nf3 d6 5.Nc3 exd5 6.cxd5 g6 7.Bf4 Bg7 8.Qa4+ Bd7
9.Qb3 b5 10.Bxd6 Qb6 11.Be5 O-O 12.e3 c4 13.Qd1 b4 14.Nb1 Rc8 15.Nbd2 Bb5
16.Rc1 c3 17.bxc3 Bxf1 18.Nxf1 Nbd7 19.Bd4 Qa6 20.Ng3 bxc3 21.Ne2 Ne4 22.O-O Rc4
23.Bxg7 Kxg7 24.Nfd4 Rac8 25.f3 Nef6 26.e4 Ne5 27.Rc2 Qb6 28.Kh1 h5 29.h3 h4
30.f4 Ned7 31.Qd3 Nh5 32.Nc6 Qc5 33.Rf3 Re8 34.e5 Nb6 35.Rxc3 Rxc3 36.Nxc3 Ng3+
37.Kh2 Qa3 38.Qc2 Qc5 39.Qd3 Qa3 40.Qc2 Qc5 41.Qf2 Qxf2 42.Rxf2 Rc8 43.Rc2 Nf1+
44.Kg1 Ne3 45.Rd2 Nexd5 46.Nxd5 Nxd5 47.Rxd5 Rxc6 48.Ra5 Rc4 49.Rxa7 Kf8
50.Kf2 Rxf4+ 51.Ke3 Rf5 52.Ra5 Rg5 53.Kf3 Ke7 54.Ra4 Rg3+ 55.Kf2 Ke6 56.Rxh4 Ra3  1/2-1/2

[Event "118th ch-SUI 2018"]
[Site "Lenzerheide SUI"]
[Date "2018.07.19"]
[Round "8.3"]
[White "Gaehwiler,G"]
[Black "Jenni,F"]
[Result "1/2-1/2"]
[WhiteElo "2419"]
[BlackElo "2447"]

1.d4 Nf6 2.c4 e6 3.Nf3 c5 4.d5 exd5 5.cxd5 d6 6.Nc3 g6 7.Qa4+ Bd7 8.Qb3 b5
9.Nxb5 Bxb5 10.Qxb5+ Nbd7 11.g3 Bg7 12.Bh3 O-O 13.O-O Rb8 14.Qc6 Nb6 15.Bg5 Re8
16.Rfe1 h6 17.Bxf6 Bxf6 18.Rab1 Re4 19.b3 Bc3 20.Rec1 Bb4 21.Qb5 Nxd5 22.Qd3 Nf6
23.e3 d5 24.Bg2 Re6 25.Ne1 Ne4 26.Nc2 Nc3 27.Ra1 Ba5 28.Ne1 d4 29.e4 Qe7
30.Bf3 Nxe4 31.Ng2 Nc3 32.Nf4 Rf6 33.Nd5 Nxd5 34.Bxd5 Bc3 35.Rab1 Re8 36.Bf3 Re6
37.Bd5 Rd6 38.Bc4 Qf6 39.Rc2 Kg7 40.Rd1 Rdd8 41.Re2 h5 42.h4 Rxe2 43.Qxe2 Rd7
44.Kg2 Re7 45.Qf3 Qd6 46.Qa8 Qc7 47.Rc1 Qd7 48.Qf3 Qg4 49.Rc2 Rd7 50.Bd3 a5
51.Re2 Qxf3+ 52.Kxf3 Kf6 53.Re8 a4 54.Ra8 axb3 55.axb3 Re7 56.Rc8 Bb4 57.Rc6+ Kg7
58.Bc4 Ra7 59.Rd6 Kf8 60.Ra6 Rd7 61.Ke2 Re7+ 62.Kf3 Be1 63.Rc6 Ra7 64.Ke2 Bb4
65.Ra6 Re7+ 66.Kf3 Kg7 67.Rd6 Be1 68.Kg2 Ra7 69.Kf1 Bd2 70.Ra6 Re7 71.Rc6 Bb4
72.Kg2 f6 73.Rc8 Rd7 74.Bd3 Ra7 75.Rc6 Ra2 76.Rc7+ Kh6 77.Rc6 Kg7 78.Rc7+ Kh6
79.Rc6 Rd2 80.Be4 Kg7 81.Rc7+ Kh6 82.Rc6 Kg7 83.Rc7+ Kh6  1/2-1/2

[Event "22nd Battle of Senta Open"]
[Site "Senta SRB"]
[Date "2018.07.19"]
[Round "7.1"]
[White "Kumic,F"]
[Black "Kovacevic,A"]
[Result "0-1"]
[WhiteElo "2230"]
[BlackElo "2493"]

1.d4 Nf6 2.c4 e6 3.Nc3 c5 4.d5 exd5 5.cxd5 d6 6.Nf3 g6 7.Bf4 a6 8.a4 Bg7
9.e3 O-O 10.h3 Qe7 11.Be2 Nbd7 12.O-O Ne8 13.Re1 Rb8 14.Nd2 Ne5 15.Bh2 f5
16.f4 Nf7 17.e4 Qc7 18.g4 Qd8 19.exf5 gxf5 20.g5 Nc7 21.Nc4 b5 22.axb5 axb5
23.Na5 Bd7 24.Bf3 b4 25.Na4 Re8 26.Bg3 Rxe1+ 27.Qxe1 Nb5 28.Nc6 Nd4 29.Qd1 Bxc6
30.dxc6 Qc7 31.Bf2 Nxf3+ 32.Qxf3 Rc8 33.Re1 Qxc6 34.Qxc6 Rxc6 35.Re8+ Bf8
36.b3 Nh8 37.Nb2 Ng6 38.Nd3 Kf7 39.Ra8 d5 40.Ra7+ Ke6 41.Rb7 c4 42.bxc4 dxc4
43.Nxb4 Bxb4 44.Rxb4 Nxf4 45.Kh2 Nd3 46.Rb6 Rxb6 47.Bxb6 c3  0-1